<?xml version="1.0" encoding="UTF-8"?>
<collection xmlns="http://www.loc.gov/MARC21/slim">
 <record>
  <leader>01711pam a22004218a 4500</leader>
  <controlfield tag="001">00036706</controlfield>
  <controlfield tag="005">20171026081025.0</controlfield>
  <controlfield tag="008">170317s2017                  ||||||viesd</controlfield>
  <datafield tag="020" ind1="#" ind2="#">
   <subfield code="c">65000</subfield>
   <subfield code="a">978604 54 3563 2</subfield>
  </datafield>
  <datafield tag="041" ind1="0" ind2="#">
   <subfield code="a">vie</subfield>
  </datafield>
  <datafield tag="082" ind1="1" ind2="4">
   <subfield code="a">507</subfield>
   <subfield code="b">Ô454L</subfield>
  </datafield>
  <datafield tag="245" ind1="0" ind2="0">
   <subfield code="a">ôn luyện trắc nghiệm thi trung học phổ thông quốc gia năm 2017 khoa học tự nhiên</subfield>
   <subfield code="c">Phạm Trường Nghiêm(Chủ biên) Nguyễn Văn Thông; Nguyễn Văn Hải,.. [và những người khác]</subfield>
   <subfield code="b">Vật lí , Hóa học , Sinh Học</subfield>
  </datafield>
  <datafield tag="260" ind1="#" ind2="#">
   <subfield code="a">Hà Nội</subfield>
   <subfield code="b">Giáo dục</subfield>
   <subfield code="c">2017</subfield>
  </datafield>
  <datafield tag="300" ind1="#" ind2="#">
   <subfield code="a">363 tr.</subfield>
   <subfield code="c">24 cm.</subfield>
  </datafield>
  <datafield tag="653" ind1="#" ind2="#">
   <subfield code="a">Trung học phổ thông</subfield>
  </datafield>
  <datafield tag="653" ind1="#" ind2="#">
   <subfield code="a">Luyện thi</subfield>
  </datafield>
  <datafield tag="653" ind1="#" ind2="#">
   <subfield code="a">Khoa học tự nhiên</subfield>
  </datafield>
  <datafield tag="653" ind1="#" ind2="#">
   <subfield code="a">Giáo dục</subfield>
  </datafield>
  <datafield tag="653" ind1="#" ind2="#">
   <subfield code="a">Trắc nghiệm</subfield>
  </datafield>
  <datafield tag="700" ind1="1" ind2="#">
   <subfield code="a">Bùi Thanh Vân</subfield>
   <subfield code="b">Môn Hóa Học</subfield>
  </datafield>
  <datafield tag="700" ind1="1" ind2="#">
   <subfield code="a">Nguyễn, Ngọc Hà</subfield>
   <subfield code="b">Chủ biên,Môn Hóa Học</subfield>
  </datafield>
  <datafield tag="700" ind1="1" ind2="#">
   <subfield code="a">Nguyễn, Văn Hải</subfield>
   <subfield code="b">Môn sinh học</subfield>
  </datafield>
  <datafield tag="700" ind1="1" ind2="#">
   <subfield code="a">Nguyễn, Văn Thông</subfield>
   <subfield code="b">Môn Vật lí</subfield>
  </datafield>
  <datafield tag="700" ind1="1" ind2="#">
   <subfield code="a">Phạm Trường Nghiêm</subfield>
   <subfield code="b">Chủ biên , Môn Vật lí</subfield>
  </datafield>
  <datafield tag="700" ind1="1" ind2="#">
   <subfield code="a">Phạm, Thị My</subfield>
   <subfield code="b">Chủ biên, Môn sinh học</subfield>
  </datafield>
  <datafield tag="700" ind1="1" ind2="#">
   <subfield code="a">Trần, Mộng Lai</subfield>
   <subfield code="b">Môn Hóa Học</subfield>
  </datafield>
  <datafield tag="700" ind1="1" ind2="#">
   <subfield code="a">Đặng Thị Thuận An</subfield>
   <subfield code="b">Môn sinh học</subfield>
  </datafield>
  <datafield tag="852" ind1="#" ind2="#">
   <subfield code="b">Kho mượn</subfield>
   <subfield code="j">KM.0020634, KM.0020635, KM.0020636, KM.0020637</subfield>
  </datafield>
  <datafield tag="852" ind1="#" ind2="#">
   <subfield code="b">Kho đọc</subfield>
   <subfield code="j">KD.0019602</subfield>
  </datafield>
  <datafield tag="852" ind1="#" ind2="#">
   <subfield code="j">KD.0019602</subfield>
   <subfield code="j">KM.0020634</subfield>
   <subfield code="j">KM.0020636</subfield>
   <subfield code="j">KM.0020637</subfield>
   <subfield code="j">KM.0020635</subfield>
  </datafield>
  <datafield tag="910" ind1=" " ind2=" ">
   <subfield code="d">17/03/2017</subfield>
  </datafield>
  <datafield tag="980" ind1="#" ind2="#">
   <subfield code="a">Trung tâm Học liệu Lê Vũ Hùng, Trường Đại học Đồng Tháp</subfield>
  </datafield>
 </record>
</collection>
